| 000 | 01175nam a2200229 i 4500 | ||
|---|---|---|---|
| 001 | 99053 | ||
| 003 | ES-MaACL | ||
| 005 | 20250731034207.0 | ||
| 007 | t| | ||
| 008 | 051111m19251929sp cf |||| |aspa d | ||
| 080 | _a929 Espina y Capo, Antonio | ||
| 100 | 1 |
_aEspina y Capo, Antonio, _d1850-1930 _947840 |
|
| 245 | 1 | 0 |
_aNotas del viaje de mi vida _b: 1850 a 1920 / _cpor Antonio Espina y Capo. |
| 260 |
_aMadrid : _b[s.n.], _c1925-1929 ( _fTall. Espasa-Calpe) |
||
| 300 |
_a4 v. : _bretr. del autor ; _c19 cm. |
||
| 500 | _aReferencias al Ateneo en: v. 1: p. 68, p. 145-151 - v. 2: p. 282-283, p. 395-396 - v. 3: p. 251-257, p. 262-263 - v. 4: p. 321-322, p. 328-331. | ||
| 505 | 8 |
_aContiene: 1 ; _tAnte mis libros y mis recuerdos: 1850 a 1860 (229 p.) - v. 2 ; _tLa formación de mi pensamiento: 1861 a 1870 (467 p.) - v. 3 ; _tMis luchas, mis primeros años de vida independiente y profesional: 1871 a 1880 (521 p.) - v. 4 ; _tEn pleno ejercicio profesional: 1881 a 1890 (560 p.) |
|
| 600 | 1 | 4 |
_aEspina y Capo, Antonio, _d1850-1930 _947840 |
| 610 | 2 | 4 |
_aAteneo de Madrid- _vHistoria- _vRelatos personales _91926 |
| 852 |
_aES-MaACL _jG-12807-10 |
||
| 999 |
_c99053 _d99053 |
||